000 01666cam a2200337 i 4500
001 33661
003 Mx-PuUPA
005 20250905122319.0
008 140415s2016 caua fr 000 0 eng d
020 _a9780134176734
020 _a0134176731
040 _aMX-PuUPA
_bspa
_erda
_cMx-PuUPA
_dMx-PuUPA
041 0 _aeng
100 1 _aGlitschka, Von,
_eautor
_97277
245 1 0 _aVector basic training :
_ba systematic creative process for building precision vector artwork /
_cdevelope & written by illustrative designer Von Glitschka
250 _aSecond edition
264 1 _aBerkeley, CA :
_bNew Riders,
_c©2016
300 _axv, 256 páginas :
_bilustraciones ;
_c24 cm
336 _atexto
_2rdacontent
_btxt
337 _asin medio
_2rdamedia
_bn
338 _avolumen
_2rdacarrier
_bnc
501 _aIncluye: código de acceso monousuario que permite desbloquear las funciones digitales del libro, incluidos todos los archivos de vídeo y recursos. Descargue mas de siete horas de vídeo HD y mire al autor en el trabajo mientras lo guía a través de las técnicas explicadas en el libro y descargue los archivos de recursos para que trabaje por su cuenta. Solicitar en el Área de Procesos Técnicos.
650 7 _2armarc
_aAdobe ilustrator (archivo de computadora)
650 7 _2armarc
_aGráficos por computadora
_xTécnica
650 7 _2armarc
_aDibujo por computadora
_xTécnica
942 _2ddc
_cLI
_h006.6
_iG55
999 _c33661
_d33661